Design principles and problems / (Record no. 353022)
[ view plain ]
| 000 -LEADER | |
|---|---|
| fixed length control field | 00751 a2200241 4500 |
| 003 - CONTROL NUMBER IDENTIFIER | |
| control field | OSt |
| 005 - DATE AND TIME OF LATEST TRANSACTION | |
| control field | 20180116192353.0 |
| 008 - FIXED-LENGTH DATA ELEMENTS--GENERAL INFORMATION | |
| fixed length control field | 120601t xxu||||| |||| 00| 0 eng d |
| 010 ## - LIBRARY OF CONGRESS CONTROL NUMBER | |
| LC control number | 83012914 |
| 020 ## - INTERNATIONAL STANDARD BOOK NUMBER | |
| International Standard Book Number | 0030511666 (pbk.) |
| 020 ## - INTERNATIONAL STANDARD BOOK NUMBER | |
| International Standard Book Number | 978155016156 |
| 040 ## - CATALOGING SOURCE | |
| Transcribing agency | 0 |
| 082 00 - DEWEY DECIMAL CLASSIFICATION NUMBER | |
| Classification number | 745.4 |
| 100 1# - MAIN ENTRY--PERSONAL NAME | |
| Personal name | Zelanski, Paul. |
| 9 (RLIN) | 3242 |
| 245 10 - TITLE STATEMENT | |
| Title | Design principles and problems / |
| Statement of responsibility, etc. | Paul Zelanski, Mary Pat Fisher. |
| 260 ## - PUBLICATION, DISTRIBUTION, ETC. | |
| Place of publication, distribution, etc. | New York : |
| Name of publisher, distributor, etc. | Holt, Rinehart, and Winston, |
| Date of publication, distribution, etc. | 1984. |
| 300 ## - PHYSICAL DESCRIPTION | |
| Extent | xii, 292 p. : |
| Other physical details | ill. (some col.) ; |
| Dimensions | 26 cm. |
| 500 ## - GENERAL NOTE | |
| General note | Includes index. |
| 650 10 - SUBJECT ADDED ENTRY--TOPICAL TERM | |
| Topical term or geographic name entry element | Design. |
| 9 (RLIN) | 3243 |
| 700 1# - ADDED ENTRY--PERSONAL NAME | |
| Personal name | Fisher, Mary Pat, |
| Dates associated with a name | 1943- |
| 9 (RLIN) | 3244 |
| 942 ## - ADDED ENTRY ELEMENTS (KOHA) | |
| Institution code [OBSOLETE] | SADA |
| Koha item type | Book |
| Call number prefix | 745.4 ZEL 1984 |
| Source of classification or shelving scheme | |
| Withdrawn status | Lost status | Source of classification or shelving scheme | Damaged status | Not for loan | Permanent Location | Current Location | Date acquired | Total Checkouts | Full call number | Barcode | Date last seen | Date last checked out | Cost, replacement price | Price effective from | Koha item type |
|---|---|---|---|---|---|---|---|---|---|---|---|---|---|---|---|
| School of Art Design and Architecture (SADA) | School of Art Design and Architecture (SADA) | 04/18/2011 | 4 | 745.4 ZEL 1984 | SADA0000939 | 09/15/2025 | 09/12/2025 | 10747.00 | 08/05/2011 | Book |
